000 01480nam a2200325 4500
003 EG-GICUC
005 20260411080825.0
008 260411s2012 ua ||||fr|||| 00| 0 ara d
015 _q20117319
017 _a9789773288446
040 _a EG-GICUC
_bara
_c EG-GICUC
_d EG-GICUC
_erda
041 0 _aara
082 0 4 _221
_a341.84
_bع ك . ت
092 0 4 _221
099 _aLaw1 12 341.84 ع ك . ت 2012
100 0 _aعكاشة محمد عبد العال
_eمؤلف.
245 1 0 _aتنازع القوانين فى الأوراق التجارية :
_bدراسة مقارنة فى القانون المصرى وبعض التشريعات العربية واتفاقيات جنيف 1930و 1931 /
_cتأليف دكتور عكاشة محمد عبد العال.
264 1 _aالإسكندرية :
_bدار الجامعة الجديدة للنشر،
_c2012.
300 _a؛379صفحة
_c24 سم
_bإيضاحيات، صور، مثيليات ؛
336 _2rda content
_atext
337 _2rda media
_aComputer
338 _2rda carrier
_aOnline Resource
504 _aيحتوي على اراجاعات ببليوجرافية يحتوي على قائمة بالمراجع.
546 _aالنص أغلبه باللغة العربية مع بعض النصوص الفرنسية
650 1 _aالقانون الدولي الخاص
_2qrmak
651 1 _2qrmak
856 4 0 _uhttps://fll.law.cu.edu.eg/fulltext/bks/B12-01285.pdf
905 _a64
942 _2ddc
_n0
_cBK
_e21
999 _c69969
_d69969